Organe des menschlichen Körpers (mit einer Karte) - Statistiken

Allgemein
  • Dieses Quiz wurde 105.724 mal gespielt
  • Das Durchschnittsergebnis liegt bei 9 aus 12
Antworten auf der Karte
Die Antworten werden auf der Karte rot bzw. grün angezeigt, abhängig davon wie oft sie richtig erraten wurden.
 
Antwortstatistiken
Organe % Korrekt
Gehirn
100%
Lungen
99%
Leber
95%
Dickdarm
93%
Dünndarm
93%
Magen
91%
Nieren
87%
Herz
84%
Harnblase
70%
Milz
62%
Bauchspeicheldrüse
40%
Gallenblase
36%
Keine übereinstimmenden Quizze gefunden
Verteilung der Resultate
Anzahl Personen mit jedem Resultat
Perzentil nach korrekt beantworteten Fragen
Ihre Resultats-Entwicklung
Sie haben dieses Quiz noch nicht gespielt